International arbitration : (Record no. 3504)
[ view plain ]
| 000 -LEADER | |
|---|---|
| fixed length control field | 00897nam a2200241 a 4500 |
| 001 - CONTROL NUMBER | |
| control field | 3504 |
| 003 - CONTROL NUMBER IDENTIFIER | |
| rucl marc code | BD-RjUL |
| 005 - DATE AND TIME OF LATEST TRANSACTION | |
| control field | 20211208233736.0 |
| 008 - FIXED-LENGTH DATA ELEMENTS--GENERAL INFORMATION | |
| fixed length control field | 131219s1959 enk 001 0 eng d |
| 035 ## - SYSTEM CONTROL NUMBER | |
| System control number | (BD-RjUL)3538 |
| 040 ## - CATALOGING SOURCE | |
| Original cataloging agency | BD-RjUL |
| Language of cataloging | eng |
| Transcribing agency | BD-RjUL |
| 041 ## - LANGUAGE CODE | |
| Language code of text/sound track or separate title | eng |
| 082 ## - DEWEY DECIMAL CLASSIFICATION NUMBER | |
| Classification number | 341.63 |
| Author mark and year | SII 1959 |
| 100 1# - MAIN ENTRY--PERSONAL NAME | |
| Personal name | Simpson, J. L. |
| Fuller form of name | (John Liddle), |
| Dates associated with a name | 1912- |
| 9 (RLIN) | 11044 |
| 245 10 - TITLE STATEMENT | |
| Title | International arbitration : |
| Remainder of title | law and practice / |
| Statement of responsibility, etc. | by J.L. Simpson and Hazel Fox ; published under the auspices of the David Davies Memorial Institute of International Affairs |
| 260 ## - PUBLICATION, DISTRIBUTION, ETC. (IMPRINT) | |
| Place of publication, distribution, etc. | London : |
| Name of publisher, distributor, etc. | Stevens & Sons, |
| Date of publication, distribution, etc. | 1959 |
| 300 ## - PHYSICAL DESCRIPTION | |
| Pagination | xx, 330 p. ; |
| Size | 25 cm |
| 504 ## - BIBLIOGRAPHY, ETC. NOTE | |
| Bibliography, etc | Includes index. |
| 650 #0 - SUBJECT ADDED ENTRY--TOPICAL TERM | |
| Topical term or geographic name as entry element | Arbitration (International law) |
| 9 (RLIN) | 11045 |
| 700 1# - ADDED ENTRY--PERSONAL NAME | |
| Personal name | Fox, Hazel. |
| 856 ## - ELECTRONIC LOCATION AND ACCESS | |
| Uniform Resource Identifier | <a href="http://www.worldcat.org/title/international-arbitration-law-and-practice/oclc/505309&referer=brief_results">http://www.worldcat.org/title/international-arbitration-law-and-practice/oclc/505309&referer=brief_results</a> |
| 942 ## - ADDED ENTRY ELEMENTS (KOHA) | |
| Source of classification or shelving scheme | Dewey Decimal Classification |
| Koha item type | Books |
| Lost status | Source of classification or shelving scheme | Damaged status | Not for loan | Collection code | Permanent Location | Current Location | Shelving location | Date acquired | Source of acquisition | Cost, normal purchase price | Total Checkouts | Full call number | Date last seen | Copy number | Koha item type |
|---|---|---|---|---|---|---|---|---|---|---|---|---|---|---|---|
| Dewey Decimal Classification | Non-fiction | Central Library, University of Rajshahi | Central Library, University of Rajshahi | 06/01/1968 | Zeitlinger | 52.60 | 341.63 SII 1959 | 19/12/2013 | C-2 | Books | |||||
| Dewey Decimal Classification | Non-fiction | Central Library, University of Rajshahi | Central Library, University of Rajshahi | 06/01/1988 | Zeitlinger | 52.00 | 341.63 SII 1959 | 25/07/2016 | C-3 | Books | |||||
| Dewey Decimal Classification | Non-fiction | Central Library, University of Rajshahi | Central Library, University of Rajshahi | 05/09/1976 | Sweets & Zeilinger | 52.00 | 341.63 SII 1959 | 25/07/2016 | C-4 | Books |